Warrior cats F names - Statistics

General Stats
  • This quiz has been taken 16 times
    3 since last reset
  • The average score is 38 of 122
Answer Stats
% Correct
Fall
100%
Feather
100%
Feather of flying hawk
100%
Featherstar
100%
Feathertail
100%
Ferncloud
100%
Firestar
100%
Flame
100%
Flamepelt
100%
Flametail
100%
Frost
100%
Falling feather
67%
Fallowfern
67%
Fallowstar
67%
Featherwhisker
67%
Fernpelt
67%
Flash
67%
Flick
67%
Flipclaw
67%
FlowerDotc
67%
FlowerPot
67%
FlowerRo
67%
Flowerstar
67%
Fox
67%
Foxheart
67%
Foxleap
67%
Frostclaw
67%
Frostfur
67%
Fuzz
67%
Fallen leaves
33%
Fallowkit
33%
Fallowpaw
33%
Fallowtail
33%
Fang
33%
Fawnpelt
33%
Featherkit
33%
Featherpelt
33%
Featherstorm
33%
Featherwing
33%
Fennelstar
33%
Fernstripe
33%
Fidgetflake
33%
Finchflight
33%
Finchkit
33%
Finchlight
33%
Finch song
33%
Finchstar
33%
Finleap
33%
Firefern
33%
Flamenose
33%
Flashnose
33%
Fleck
33%
Flickerkit
33%
Flight of startled heron
33%
Flora
33%
Floss
33%
Flowerpaw
33%
Flowerstem
33%
Flurry
33%
Fog
33%
Fogdrift
33%
Fognose
33%
Frecklepelt
33%
FrecklewishSkc
33%
FrecklewishTc
33%
FritzKp
33%
FritzLo
33%
Frog
33%
Frogleap
33%
Frogtail
33%
Frostdawn
33%
Frosty
33%
Furze
33%
Fuzzypelt
33%
Falcon swoop
0%
Fallensnow
0%
Falling dusk
0%
Falling rain
0%
Fallowsong
0%
Fawnstep
0%
Feather ear
0%
Fern leaf
0%
Fernleaf
0%
Fernshade
0%
Fernwhisper
0%
Ferretclaw
0%
Ferris
0%
Fierce
0%
Filou
0%
Firbark
0%
Fircone
0%
Fireface
0%
Firefly
0%
Fish leap
0%
Flailfoot
0%
Flaxfoot
0%
Fleetfoot
0%
Flintfang
0%
Floatshimmer
0%
Floatweed
0%
Flower foot
0%
Flower stream
0%
Floyd
0%
Flufftail
0%
Flutter
0%
Flutterfoot
0%
Fluttering bird
0%
Flystar
0%
Flytail
0%
Flywhisker
0%
Foggy
0%
Foxclaw
0%
Foxnose
0%
Foxwhisker
0%
Foxy
0%
Fringewhisker
0%
Frisk
0%
Frondwhisker
0%
Furled bracken
0%
Fury
0%
Furzepelt
0%
Fuzzball
0%
No matching quizzes found
Score Distribution
Percent of People with Each Score
Percentile by Number Answered
Your Score History
You have not taken this quiz since the last reset